| 000 | 00520aga a2200205 4500 | ||
|---|---|---|---|
| 005 | 20180803170100.0 | ||
| 008 | 170214b xxu||||| |||| 00| 0 spa d | ||
| 040 |
_aCO-BoIAVH _cCO-BoIAVH |
||
| 041 | _aspa | ||
| 090 |
_aMM _b00053 |
||
| 110 | 1 |
_aPROVITA _948530 |
|
| 245 | 1 | 0 | _aPiaroa |
| 257 | _a. | ||
| 300 |
_a10 min. _bVHS |
||
| 650 | 1 | 4 |
_aComunidades indÃgenas _992521 |
| 650 | 1 | 4 |
_aComunidad Piaroa _979592 |
| 650 | 1 | 4 |
_aUso sostenible del bosque _916412 |
| 650 | 1 | 4 |
_aManejo de bosques _979593 |
| 942 |
_cVHS _2z |
||
| 999 |
_c16448 _d16448 |
||